000 01390nam a22003017a 4500
001 0000003124
003 PPM
005 20260416111625.0
008 260416b ||||| |||| 00| 0 eng d
020 _a6979933415
_cRM 36.00
_qPaperback
035 _a0000003124
040 _bEng
_cPusat Penyelidikan Mineral, Jabatan Mineral Dan Geosains Malaysia
_dPPM
_eRDA
082 0 0 _219
_a354.5950
_bAHM 1994
100 1 _aAhmad Sarji Abdul Hamid, Tan Sri, Dato' Seri,
_d1938-
_eauthor
245 1 0 _aWawasan Pentadbiran Awam Malaysia = Vision of Malaysia's Public Administration : Selected Speeches of Tan Sri Dato' Seri Ahmad Sarji bin Abdul Hamid, Chief Secretary of the Government, Malaysia /
_cby Ahmad Sarji bin Abdul Hamid
260 1 _aKuala Lumpur :
_bInstitut Tadbiran Awam Negara (INTAN) ,
_c1994
300 0 0 _axxxv, 635 pages .:
_bsome colour, table, illustrations .;
_c21 cm
500 _aJudul kecil tulang buku : Koleksi ucapan-ucapan dalam tahun 1993 Ahmad Sarji bin Abdul Hamid
501 _aTeks bahasa Malaysia dan Inggeris
504 _aMengandungi indeks (p.: 625 - 635 )
650 1 0 _aPublic administration
_zMalaysia
650 2 0 _aCivil service
_zMalaysia
650 2 0 _aGovernment executives
_zMalaysia
650 2 0 _aAdministrative agencies
_zMalaysia
650 2 0 _aExecutive departments
_zMalaysia
710 2 _aInstitut Tadbiran Awam Negara
942 _2ddc
_cBK
999 _c27197
_d27197